Statistics for 5 Most Populated Countries in South America

Click here to take the quiz!

General Stats

  • This quiz has been taken 14 times
  • The average score is 4 of 5

Answers on the Map

Answers color-coded by a green-red scale on the quiz's map according to % correct below.
 

Answer Stats

Answer% Correct
Argentina
100%
Brazil
100%
Colombia
91%
Peru
82%
Venezuela
73%

Score Distribution

Percentile by Number Answered

Percent of People with Each Score

Your Score History

You have not taken this quiz